00823nam a22001457a 4500008004100000020001500041050001500056100001700071245004600088260005000134300003000184500002000214505043000234650001300664120612t xxu||||| |||| 00| 0 eng d a0852974337 aHG3851.C63 aCoyle, Brian aForeign exchange markets. /cBrian Coyle. aBurgate:bFinancial World Publishing,cc2000. avi, 138 p.:bill.;c23cm. aIncludes index. aContents: Introduction to the foreign exchange markets -- How FX markets are structured -- Spot transactions -- Making a spot transaction -- Practical guidelines for spot transactions -- Forward exchange contracts -- Closeouts and extensions -- Swap transactions and short-dated forward transactions -- Making a forward transaction -- Practical guidelines for forward transactions -- Appendix: currencies and their liquidity. bFinance.